[Event "HUN-chT2 Toth 1213"]
[Site "Hungary"]
[Date "2013.04.07"]
[Round "10.11"]
[White "Tardi, Richard"]
[Black "Pasztor, Attila"]
[Result "0-1"]
[WhiteElo "1402"]
[BlackElo "1854"]
[PlyCount "68"]
[EventDate "2012.09.16"]
[EventType "team-tourn"]
[EventRounds "11"]
[EventCountry "HUN"]
[SourceTitle "EXT 2014"]
[Source "ChessBase"]
[SourceDate "2013.11.20"]
[SourceVersion "1"]
[SourceVersionDate "2013.11.20"]
[SourceQuality "1"]
[WhiteTeam "Debrecen Sakkbaratok"]
[BlackTeam "Ujszasz"]
[WhiteTeamCountry "HUN"]
[BlackTeamCountry "HUN"]

1. d4 Nf6 2. c4 c6 3. Nc3 d5 4. e3 e6 5. Nf3 Bd6 6. Bd3 Nbd7 7. 0-0 0-0 8. c5 Bb8 9. Bd2 e5 10. dxe5 Nxe5 11. Nxe5 Bxe5 12. f4 Bc7 13. Ne2 Ne4 14. Be1 Nxc5 15. Qc2 Nxd3 16. Qxd3 Qe7 17. h3 Re8 18. Rf3 Bb6 19. Bd2 Bd7 20. Re1 Qe4 21. Qxe4 Rxe4 22. Nc3 Re7 23. Na4 c5 24. Nxb6 axb6 25. a3 Rae8 26. Kf2 Bc6 27. Rg3 f5 28. h4 Kf7 29. Bc3 g6 30. Rd1 Re4 31. Rd2 d4 32. exd4 Rxf4+ 33. Kg1 Re1+ 34. Kh2 Rxh4+ 0-1

[Event "HUN-chT2 Toth 1213"]
[Site "Hungary"]
[Date "2013.01.27"]
[Round "6.11"]
[White "Alb, Flavius Robert"]
[Black "Pasztor, Attila"]
[Result "0-1"]
[WhiteElo "1682"]
[BlackElo "1854"]
[PlyCount "130"]
[EventDate "2012.09.16"]
[EventType "team-tourn"]
[EventRounds "11"]
[EventCountry "HUN"]
[SourceTitle "EXT 2014"]
[Source "ChessBase"]
[SourceDate "2013.11.20"]
[SourceVersion "1"]
[SourceVersionDate "2013.11.20"]
[SourceQuality "1"]
[WhiteTeam "Gyula"]
[BlackTeam "Ujszasz"]
[WhiteTeamCountry "HUN"]
[BlackTeamCountry "HUN"]

1. e4 c6 2. d3 d5 3. Nd2 dxe4 4. dxe4 Nf6 5. Bd3 e5 6. Ngf3 Bg4 7. h3 Bxf3 8. Nxf3 Nbd7 9. 0-0 Be7 10. b3 0-0 11. Bb2 Qc7 12. Qe2 Rad8 13. Rad1 Rfe8 14. c4 Nh5 15. Bb1 Nf4 16. Qd2 f6 17. Ne1 Nc5 18. Qc2 Rxd1 19. Qxd1 Rd8 20. Qc2 Nce6 21. Kh2 Nd4 22. Bxd4 exd4 23. g3 Ng6 24. f4 c5 25. Nd3 Bd6 26. Qf2 Re8 27. Re1 Qc6 28. Nc1 Qc7 29. Rf1 Nf8 30. Ne2 Qd7 31. Bd3 Qc7 32. h4 Qd7 33. a3 b6 34. a4 Ne6 35. Qf3 Nf8 36. h5 Qf7 37. Kg2 h6 38. b4 Qb7 39. g4 Qd7 40. b5 Qe7 41. Ng3 Ne6 42. Nf5 Qc7 43. Nxd6 Qxd6 44. e5 fxe5 45. fxe5 Qe7 46. Qd5 Rf8 47. Bf5 Re8 48. Bg6 Rf8 49. Rxf8+ Kxf8 50. Qa8+ Nd8 51. e6 Qb7+ 52. Qxb7 Nxb7 53. Kf3 Ke7 54. Bf5 Nd6 55. Kf4 Nxc4 56. g5 hxg5+ 57. Kxg5 Ne5 58. Kf4 Nc4 59. Kg5 Nd6 60. Bg4 c4 61. Kg6 Ne8 62. Bf5 d3 63. Be4 Kxe6 64. Kg5 Nf6 65. Bf5+ Ke5 0-1

[Event "HUN-chT2 Erkel 1112"]
[Site "Hungary"]
[Date "2012.05.06"]
[Round "10"]
[White "Pasztor, Attila"]
[Black "Wagner, Ildiko Reka"]
[Result "1-0"]
[WhiteElo "1881"]
[BlackElo "1629"]
[PlyCount "41"]
[EventDate "2011.09.25"]
[EventType "team-tourn"]
[EventRounds "11"]
[EventCountry "HUN"]
[SourceTitle "EXT 2013"]
[Source "ChessBase"]
[SourceDate "2012.11.22"]
[SourceVersion "1"]
[SourceVersionDate "2012.11.22"]
[SourceQuality "1"]
[WhiteTeam "Ujszasz"]
[BlackTeam "Vizugy"]
[WhiteTeamCountry "HUN"]
[BlackTeamCountry "HUN"]

1. d4 d5 2. c4 Nf6 3. Nc3 Bf5 4. Nf3 e6 5. Bg5 Be7 6. e3 c5 7. Qb3 b6 8. cxd5 Nxd5 9. Nxd5 Bxg5 10. Nxg5 exd5 11. Bb5+ Kf8 12. Nf3 Be4 13. dxc5 bxc5 14. Qa3 Qb6 15. Rc1 Ke7 16. Rxc5 Ke6 17. Ng5+ Kf6 18. Nxe4+ dxe4 19. Qc3+ Kg6 20. Qe5 h6 21. Qf5# 1-0

[Event "HUN-chT2 Erkel 1112"]
[Site "Hungary"]
[Date "2012.04.22"]
[Round "9.6"]
[White "Pasztor, Attila"]
[Black "Kovacs, Daniel1111"]
[Result "1/2-1/2"]
[WhiteElo "1881"]
[BlackElo "1752"]
[PlyCount "30"]
[EventDate "2011.09.25"]
[EventType "team-tourn"]
[EventRounds "11"]
[EventCountry "HUN"]
[SourceTitle "EXT 2013"]
[Source "ChessBase"]
[SourceDate "2012.11.22"]
[SourceVersion "1"]
[SourceVersionDate "2012.11.22"]
[SourceQuality "1"]
[WhiteTeam "Ujszasz"]
[BlackTeam "Paszto"]
[WhiteTeamCountry "HUN"]
[BlackTeamCountry "HUN"]

1. d4 d5 2. c4 c6 3. Nc3 Nf6 4. e3 Bf5 5. Nf3 Nbd7 6. cxd5 Nxd5 7. Nxd5 cxd5 8. Bd2 g6 9. Bb5 Bg7 10. 0-0 0-0 11. Rc1 a6 12. Be2 Qb6 13. Qb3 Qxb3 14. axb3 Rfc8 15. Rc3 Rxc3 1/2-1/2

[Event "HUN-chT2 Erkel 1112"]
[Site "Hungary"]
[Date "2011.11.27"]
[Round "4.11"]
[White "Balogh, Pal"]
[Black "Pasztor, Attila"]
[Result "1/2-1/2"]
[WhiteElo "1922"]
[BlackElo "1881"]
[PlyCount "53"]
[EventDate "2011.09.25"]
[EventType "team-tourn"]
[EventRounds "11"]
[EventCountry "HUN"]
[SourceTitle "EXT 2013"]
[Source "ChessBase"]
[SourceDate "2012.11.22"]
[SourceVersion "1"]
[SourceVersionDate "2012.11.22"]
[SourceQuality "1"]
[WhiteTeam "Matra"]
[BlackTeam "Ujszasz"]
[WhiteTeamCountry "HUN"]
[BlackTeamCountry "HUN"]

1. e4 c6 2. d4 d5 3. exd5 cxd5 4. Bd3 Nf6 5. c3 Bg4 6. Ne2 e6 7. Qc2 Bd6 8. Bg5 Nbd7 9. Ng3 Qc7 10. Nd2 Bf4 11. Bxf4 Qxf4 12. h3 Bh5 13. Nxh5 Nxh5 14. 0-0 Nhf6 15. Nf3 0-0 16. Rae1 Rac8 17. Ne5 Rfd8 18. Re3 g6 19. Rfe1 Rc7 20. Qe2 Nxe5 21. Rxe5 Rd6 22. Qc2 Rdc6 23. R1e3 Qh4 24. Rf3 Nd7 25. Re1 a6 26. Qd2 Nb6 27. Qe2 1/2-1/2

[Event "HUN-chT2 Erkel 1011"]
[Site "Hungary"]
[Date "2011.04.17"]
[Round "9.11"]
[White "Gruz, Janos"]
[Black "Pasztor, Attila"]
[Result "1/2-1/2"]
[WhiteElo "1951"]
[BlackElo "1841"]
[PlyCount "112"]
[EventDate "2010.09.12"]
[EventType "team-tourn"]
[EventRounds "11"]
[EventCountry "HUN"]
[SourceTitle "EXT 2012"]
[Source "ChessBase"]
[SourceDate "2011.11.24"]
[SourceVersion "1"]
[SourceVersionDate "2011.11.24"]
[SourceQuality "1"]
[WhiteTeam "Foti"]
[BlackTeam "Ujszasz"]
[WhiteTeamCountry "HUN"]
[BlackTeamCountry "HUN"]

1. e4 c6 2. d3 d5 3. Nd2 dxe4 4. dxe4 Nf6 5. Ngf3 Bg4 6. Be2 e6 7. 0-0 Bc5 8. c3 0-0 9. Qc2 Nbd7 10. b4 Bb6 11. Bb2 Qc7 12. c4 Qf4 13. c5 Bc7 14. g3 Qh6 15. Rfe1 g5 16. Bd4 Qg6 17. Be3 Bxf3 18. Bxf3 Ne5 19. Bg2 h5 20. Nc4 Nxc4 21. Qxc4 h4 22. Bd4 hxg3 23. hxg3 Kg7 24. Qc3 Rad8 25. Rad1 Rfe8 26. Be5 Bxe5 27. Qxe5 Qh5 28. Rd6 Rxd6 29. cxd6 Kg6 30. Qd4 Qg4 31. Qe3 a6 32. e5 Nd5 33. Qd3+ Kg7 34. a3 Rh8 35. Qf3 Qxf3 36. Bxf3 Nb6 37. Bg4 Nc4 38. a4 Nb2 39. a5 Nc4 40. Kg2 Kf8 41. Re4 Na3 42. Be2 Ke8 43. Rg4 Nc2 44. Rc4 Na3 45. Rc1 Kd7 46. Bd3 Rh6 47. Ra1 Nb5 48. Bxb5 axb5 49. a6 bxa6 50. Rxa6 f6 51. Ra7+ Kd8 52. f4 gxf4 53. gxf4 fxe5 54. fxe5 Rh5 55. Ra8+ Kd7 56. Ra7+ Kd8 1/2-1/2

[Event "HUN-chT2 Erkel 1011"]
[Site "Hungary"]
[Date "2011.03.27"]
[Round "7.11"]
[White "Urhegyi, Marton"]
[Black "Pasztor, Attila"]
[Result "1-0"]
[WhiteElo "1836"]
[BlackElo "1841"]
[PlyCount "55"]
[EventDate "2010.09.12"]
[EventType "team-tourn"]
[EventRounds "11"]
[EventCountry "HUN"]
[SourceTitle "EXT 2012"]
[Source "ChessBase"]
[SourceDate "2011.11.24"]
[SourceVersion "1"]
[SourceVersionDate "2011.11.24"]
[SourceQuality "1"]
[WhiteTeam "Budapest MTK"]
[BlackTeam "Ujszasz"]
[WhiteTeamCountry "HUN"]
[BlackTeamCountry "HUN"]

1. e4 c6 2. d4 d5 3. exd5 cxd5 4. Bd3 Nc6 5. c3 Nf6 6. Bg5 Bg4 7. Ne2 e6 8. Qc2 Rc8 9. Ng3 Qd7 10. f3 Bf5 11. Nxf5 exf5 12. Bxf6 gxf6 13. Bxf5 Qe7+ 14. Kf2 Qc7 15. Bxc8 Qxc8 16. Qd3 Bd6 17. Nd2 Qd7 18. Rae1+ Kd8 19. Nf1 h5 20. Ne3 Bf4 21. Qb5 a6 22. Qc5 Ne7 23. Qb6+ Kc8 24. Qxf6 Ng6 25. Nf5 Rd8 26. Ne7+ Nxe7 27. Rxe7 Qd6 28. Qxd6 1-0